=LDR 00000nam 2200000 4500 =001 INLIS000000000032793 =005 20130612134802 =008 ***********************************ind** =035 ##$$0010-061300000032793 =041 ##$$a ind =082 ##$$a 782.42 =090 ##$$a 782.42, Wil k =100 ##$$a William,G =245 ##$$a Kumpulan Lagu Daerah =260 ##$$a 2008 $b Jakarta =300 ##$$a vii,156 hlm., Ilus., 23 cm =650 ##$$a Nyanyian Daerah =700 ##$$a Yanti, Lay K =850 ##$$a NBPNMAT =990 ##$$a 0209/BPAP-NTB/2016